000 00384nam a2200169Ia 4500
008 230711s9999||||xx |||||||||||||| ||und||
020 _a978-81-317-3310-3
041 _aENG
082 _a511.1
_bBA-D
100 _aBabu Ram
245 0 _aDiscrete Mathematics
250 _a1st Ed.
260 _c2010
_aNew Delhi
_bPearson
300 _a564p.
650 _aMathematics
942 _cBK
999 _c5799
_d5799